000 00923nam a22002891 4500
001 548
005 20230629095336.0
008 790126s1958 nyua j 000 0 eng
040 _aDLC
_cDLC
_dDLC
_beng
050 0 0 _aPZ8.3.M1325
_bFl
082 0 0 _a[E]
100 1 _aMcClintock, Marshall
_d1906-1967
245 1 2 _aA fly went by,
_cby Mike McClintock. Illustrated by Fritz Siebel.
250 _aBook Club Edition
260 _aNew York :
_bBeginner Books; distributed by Random House
_c1958
300 _a62 pages.
_billustrations.
_c24 cm.
490 0 _aBeginner books, 3
505 _aF
520 _aA sheep with its foot caught in a tin can sets off a chase with a fly in the lead.
521 _a430
_bLexile
521 _aF
_bRaz-Plus
650 1 _aStories in rhyme.
650 1 _aAnimals
_xFiction.
700 1 _aSiebel, Fritz.
906 _a7
_bcbc
_corignew
_d1
_eocip
_f19
_gy-gencatlg
942 _2ddc
_cBK
_n0
999 _c548
_d548